| 000 | 00807nam a2200265 a 4500 | ||
|---|---|---|---|
| 001 | 000110648 | ||
| 003 | CHAP | ||
| 005 | 20220329144142.0 | ||
| 008 | 140922s1992 sp a |r| ||||||spa d | ||
| 010 | _a107110 | ||
| 011 | _a108082 | ||
| 020 | _a9788429151602 | ||
| 040 | _cCHAP | ||
| 082 | 0 | 4 |
_a515.353 _bW42 |
| 100 | 1 |
_aWeinberger, Hans F. _9128472 |
|
| 245 | 1 | 0 |
_aEcuaciones diferenciales en derivadas parciales : _bcon métodos de variables compleja y de transformaciones integrales / _cpro Hansf. F. Weinberger. |
| 260 |
_aBarcelona : _bReverté, _c1992. |
||
| 300 | _aix, 467 p. | ||
| 590 |
_aE5995AHE _b05 _c20140922 _lUCH01 _h1326 |
||
| 590 |
_aE5995AHE _b05 _c20140922 _lUCH01 _h1338 |
||
| 650 | 1 | 4 |
_aEcuaciones diferenciales parciales. _935308 |
| 901 | _aBK | ||
| 942 | _cLIBRO | ||
| 942 | _n0 | ||
| 999 |
_c107110 _d107110 |
||